000 00650nam a2200241Ia 4500
003 OSt
005 20220923230524.0
006 a|||||r|||| 00| 0
007 ta
008 220922b |||||||| |||| 00| 0 pan d
024 _a282,739
037 _cTextual
040 _aARTS
_cARTS
_bpan
041 _2pan
_apan
082 _aO153,3NGAG,AD, L0
100 _aਜਗਜੀਤ
245 0 _aਅੰਮ੍ਰਿਤਾ ਦੇ ਨਾਂ ॥ਤ
260 _c1970
300 _a87ਪੰ
_ccm.
650 _aਪੰਜਾਬੀ ਸਾਹਿਤ
942 _hO153,3NGAG,AD, L0
_cTEXL
_2CC
999 _c385433
_d385433